Statistics for All Varieties of Tobacco Leaves

Click here to take the quiz!

General Stats

  • This quiz has been taken 7 times
  • The average score is 5 of 19

Answer Stats

Primary Areas GrownAnswer% Correct
LouisianaPerique
75%
Kentucky and TennesseeBurley
50%
Turkey, Balkans, LevantOriental Tobacco
50%
AmericasRustica
50%
North Carolina and VirginiaBrightleaf
25%
American SouthBroadleaf
25%
New EnglandConnecticut Shade
25%
EcuadorEcuadorian Sumatra
25%
CubaHabano
25%
CubaHabano 2000
25%
Cyprus, SyriaLatakia
25%
Kentucky, TennesseeType 22
25%
California, BrazilY1
25%
Tennessee, Kentucky, VirginiaAromatic Fire-Cured
0%
Pinar del Rio (Cuban Province)Corojo
0%
CubaCriollo
0%
Arabian GulfDokha
0%
VietnamThuoc Lao
0%
American MidwestWhite Burley
0%

Score Distribution

Percentile by Number Answered

Percent of People with Each Score

Your Score History

You have not taken this quiz